Globalidad e interdisciplina curricular en la enseñanza primaria: propuestas teórico-prácticas
Saved in:
| Main Authors: | , |
|---|---|
| Format: | Bog |
| Sprog: | spansk |
| Udgivet: |
Zaragoza
INDE
1995
|
| Fag: | |
| Tags: |
Tilføj Tag
Ingen Tags, Vær først til at tagge denne postø!
|
MARC
| LEADER | 00000nam a2200000 a 4500 | ||
|---|---|---|---|
| 001 | UCN2894 | ||
| 003 | CL-VaPUC | ||
| 008 | 010615e19950000SP |||||||||||||||||spa|d | ||
| 082 | 0 | 4 | |a 375 |b CAS |2 21 |
| 100 | 0 | |a Castañer Balcells, Marta |e author |9 459149 | |
| 700 | 0 | |a Trigo Aza, Eugenia |e author |9 459150 | |
| 245 | 1 | 0 | |a Globalidad e interdisciplina curricular en la enseñanza primaria: propuestas teórico-prácticas |
| 300 | |a 241 p | ||
| 942 | |c BK | ||
| 945 | |d 20010615 00:00:00 |a cmena | ||
| 260 | |a Zaragoza |b INDE |c 1995 | ||
| 650 | 0 | |a Currículo |9 307290 | |
| 650 | 0 | |a Planificación del currículo |9 269599 | |
| 650 | 0 | |a Innovaciones pedagógicas |9 307471 | |
| 583 | |a last modification |c 20010615 00:00:00 |k Rodrigo Vera | ||
| 999 | |c 295913 |d 295911 | ||
| 952 | |0 0 |1 0 |4 0 |6 375_000000000000000_CAS_1995 |7 0 |8 A |9 349349 |a BIBEDU |b BIBEDU |d 2019-11-20 |i 3697940 |o 375 CAS 1995 |p 3697940 |r 2019-11-20 |w 2019-11-20 |y BK |k EPE | ||